The Alexander Book in Ethiopia: the ethiopic versions of Pseudo-Callisthenes, the Chronicle of Almakin, the Narrative of Joseph Ben Gorion, and a Christian Romance of Alexander.
Salvato in:
| Autore principale: | |
|---|---|
| Natura: | Libro |
| Lingua: | inglese |
| Pubblicazione: |
London, England, United Kingdom
Oxford University Press
1933
|
| Soggetti: | |
| Tags: |
Aggiungi Tag
Nessun Tag, puoi essere il primo ad aggiungerne!!
|
MARC
| LEADER | 00000nam a2200000 a 4500 | ||
|---|---|---|---|
| 001 | UCJ7437 | ||
| 003 | CL-VaPUC | ||
| 005 | 20240612155314.0 | ||
| 008 | 070124e19330000UK |||||||||||||||||eng|d | ||
| 999 | |c 323522 |d 323520 | ||
| 040 | |c Pontificia Universidad Católica de Valparaíso | ||
| 082 | 0 | 4 | |a 892 BUD 1933 |2 21 |
| 100 | |a Wallis Budge, Ernest Alfred |9 516815 | ||
| 245 | 1 | 4 | |a The Alexander Book in Ethiopia: the ethiopic versions of Pseudo-Callisthenes, the Chronicle of Almakin, the Narrative of Joseph Ben Gorion, and a Christian Romance of Alexander. |
| 246 | |b Translated into English from MSS. in the British Museum and Bibliothèque Nationale by Sir Ernest Alfred Wallis Budge, Kt. With a portrait and thirteen plates | ||
| 260 | 0 | 3 | |a London, England, United Kingdom |b Oxford University Press |c 1933 |
| 300 | |a 277 páginas | ||
| 500 | |a Ilustraciones conforme a lo señalado en índice | ||
| 583 | |a last modification |c 20121221 11:00:38 |k Rodrigo Vera | ||
| 600 | 0 | |a Magno, Alejandro |9 318232 | |
| 600 | 0 | 7 | |a LIBRO DE ALEJANDRO |2 CL-VaPUC |9 515841 |
| 650 | 7 | |a BIOGRAFIA |2 CL-VaPUC |9 504622 | |
| 650 | 7 | |a IMPERIO MACEDONICO |2 CL-VaPUC |9 500044 | |
| 650 | 0 | |a Iconografía |9 267998 | |
| 650 | 0 | |a Ilustraciones |9 369481 | |
| 942 | |c BK |2 ddc | ||
| 945 | |d 20070124 00:00:00 |a rinostro | ||
| 952 | |0 0 |1 0 |2 ddc |4 0 |6 892_000000000000000_BUD_1933 |7 0 |8 X |9 403196 |a FDOBUD |b FDOBUD |d 2019-11-22 |i 1063715 |o 892 BUD 1933 |p 1063715 |r 2019-11-22 |t 1 |w 2019-11-22 |y BK_X |k BUD | ||